000 00606nam a2200229Ia 4500
003 OSt
005 20220928145806.0
006 a|||||r|||| 00| 0
007 ta
008 220927b |||||||| |||| 00| 0 eng d
024 _a83455
037 _cTextual
040 _aSDCL
_cSDCL
_beng
041 _2eng
_aeng
082 _aO-,2J64,11, K0.2
100 _aShakespeare William
245 0 _aSecond part of King Henry IV.
260 _c1960
700 _a Humphreys A R Ed.
942 _hO-,2J64,11, K0.2
_cTEXL
_2CC
999 _c835812
_d835812